<?xml version="1.0" encoding="UTF-8"?>
<marc:record xmlns:marc="http://www.loc.gov/MARC21/slim">
   <marc:leader>00000nam a2200000 a 4500</marc:leader>
   <marc:datafield ind1="1" ind2=" " tag="100">
      <marc:subfield code="a">Nahrgang, Frauke</marc:subfield>
      <marc:subfield code="4">aut</marc:subfield>
      <marc:subfield code="e">Verfasser/-in</marc:subfield>
   </marc:datafield>
   <marc:datafield ind1="1" ind2=" " tag="100">
      <marc:subfield code="a">Karallus, Thomas</marc:subfield>
   </marc:datafield>
   <marc:datafield ind1="0" ind2="0" tag="245">
      <marc:subfield code="a">Viva Futebol!</marc:subfield>
   </marc:datafield>
   <marc:datafield ind1="0" ind2="0" tag="245">
      <marc:subfield code="c">Frauke Nahrgang</marc:subfield>
   </marc:datafield>
   <marc:datafield ind1=" " ind2="1" tag="264">
      <marc:subfield code="a">München</marc:subfield>
      <marc:subfield code="b">Sony Music Entertainment Germany GmbH</marc:subfield>
      <marc:subfield code="c">2021</marc:subfield>
   </marc:datafield>
   <marc:datafield ind1="1" ind2=" " tag="490">
      <marc:subfield code="a">TeufelsKICKER</marc:subfield>
      <marc:subfield code="v">87</marc:subfield>
   </marc:datafield>
   <marc:datafield ind1="1" ind2=" " tag="520">
      <marc:subfield code="a">Luna, Florina und Mercedes aus Lissabon sorgen in der Teufelskicker-Stadt für Wirbel. Die drei Mädchen aus Portugal machen bei einem internationalen Schüler-Austausch mit und sind obendrein echte Sportskanonen! Norbert hat ein Ferienturnier für die Kinder organisiert, die im Sommer nicht in den Urlaub fahren. Da ist es natürlich dumm, dass die drei Neulinge ausgerechnet für den VfB an den Start gehen. Eine harte Nuss für Blau-Gelb! Aber vielleicht springt von der südländischen Spielfreude ja auch etwas auf die Teufelskicker über...?</marc:subfield>
   </marc:datafield>
   <marc:datafield ind1="3" ind2=" " tag="024">
      <marc:subfield code="a">0194397502220</marc:subfield>
   </marc:datafield>
   <marc:datafield ind1=" " ind2=" " tag="300">
      <marc:subfield code="e">1 Beilage</marc:subfield>
   </marc:datafield>
   <marc:datafield ind1="0" ind2=" " tag="490">
      <marc:subfield code="v">0</marc:subfield>
   </marc:datafield>
   <marc:datafield ind1=" " ind2=" " tag="300">
      <marc:subfield code="a">K.A.</marc:subfield>
   </marc:datafield>
</marc:record>
